Movies Quiz

Random Movies or Actress Quiz

Best Pictures Top Directors/Actors Quiz Stats

 Plays Quiz not verified by Sporcle

Score 0/46 Timer 15:00
0 Plays Today
# of Movies Profession Person % Correct
3 - ActressMeryl Streep
76.3%
3 - ActorJack Nicholson
71.7%
2 - DirectorClint Eastwood
67.8%
3 - ActorDustin Hoffman
59.2%
2 - DirectorFrancis Ford Coppola
53.9%
3 - ActorClark Gable
52.3%
2 - DirectorBilly Wilder
48.4%
3 - ActorMorgan Freeman
46.4%
2 - DirectorFrank Capra
46.4%
3 - ActressDiane Keaton
40.8%
3 - DirectorWilliam Wyler
38.2%
2 - DirectorElia Kazan
34.9%
2 - DirectorMilos Forman
33.6%
2 - DirectorDavid Lean
32.9%
3 - ActressShirley MacLaine
28.9%
3 - ActorJohn Cazale
28.6%
3 - ActorRalph Fiennes
28%
2 - DirectorRobert Wise
24.7%
2 - DirectorFrank Lloyd
20.7%
2 - DirectorFred Zinnemann
20.1%
3 - ActressTalia Shire
18.1%
3 - ActorWard Bond
9.2%
3 - ActorJohn Gielgud
9.2%
# of Movies Profession Person % Correct
3 - ActorBernard Hill
8.2%
3 - ActorHugh Griffith
7.2%
3 - ActorDonald Crisp
5.6%
5 - ActorWallis Clark
4.3%
3 - ActorIrving Bacon
3.9%
3 - ActorJack Hawkins
3.9%
3 - ActorHarry Davenport
3.6%
5 - ActressBess Flowers
3.3%
6 - ActorFranklyn Farnum
1.6%
3 - ActorJack Gwillim
1.6%
4 - ActorEdwin Maxwell
1%
3 - ActorPat Flaherty
1%
3 - ActorEddie Kane
1%
3 - ActorIan Wolfe
1%
4 - ActorRobert Karnes
0.7%
3 - ActorBilly Bevan
0.7%
3 - ActorEddy Chandler
0.7%
3 - ActorHeinie Conklin
0.7%
3 - ActorGino Corrado
0.7%
3 - ActorBilly Engle
0.7%
3 - ActorLee Phelps
0.7%
3 - ActorKiran Shah
0.7%
3 - ActorJoe Spinell
0.7%

You're not logged in!

Compare scores with friends on all Sporcle quizzes.
OR
Log In

Show Comments

Extras

Top Quizzes Today


Score Distribution

Your Account Isn't Verified!

In order to create a playlist on Sporcle, you need to verify the email address you used during registration. Go to your Sporcle Settings to finish the process.

Report this User

Report this user for behavior that violates our Community Guidelines.

Details: